00489nam a2200157Ia 4500003000400000008004100004040001600045082001800061100002400079245008000103260006800183300001100251490000500262650002800267650003600295GCL140319s9999 xx 000 0 ara d aGCL / cGCL04a818.03bى د1 aيوسف الخال10aدفاتر الايام: أفكار على ورق / cيوسف الخال a[S.N] : bرياض الريس للكتب والنشر ، c1987 a408 ص a04aالادب العربى04aالمقالات العربية